000 01353cam a22003617a 4500
003 CHAP
005 20220329140909.0
008 971013s1984 r 00010 d
010 _a59471
011 _a60443
035 _a64605
040 _cCHAP
090 _aTesis
100 0 0 _aPullín Villaverde, José Fernando.
_992993
245 0 _aEstudio técnico económico sobre un sistema de explotación intensivo de crianza y engorda de ganado bovino en el área metropolitana de Monterrey, N.L.
260 _aMonterrey, N.L. :
_bEl autor,
_c1984
300 _a76 h.
502 _aTesis (Ing. Agr. Esp. en Administración) -- ITESM. División de Ciencias Agropecuarias y Marítimas
590 _aALEPH
_b10
_c20130110
_lUCH01
_h1338
590 _aBATCH-UPD
_b10
_c20130110
_lUCH01
_h0415
590 _aBATCH-UPD
_b10
_c20130110
_lUCH01
_h2145
590 _aBATCH-UPD
_b10
_c20130410
_lUCH01
_h0050
590 _aBATCH-UPD
_b10
_c20130914
_lUCH01
_h1525
590 _aCONVERSION
_b10
_c20130109
_lUCH01
_h1332
650 4 _aGanado vacuno
_xCría de.
_945451
650 4 _aGanado vacuno
_xCría de.
_945451
650 1 4 _aGanado vacuno
_xCostos de producción.
_945449
650 1 4 _aGanado vacuno
_xEnfermedades.
_945460
650 1 4 _aGanado vacuno
_xNuevo León.
_945497
901 _aBK
942 _cTESIS
949 _bBC
_cTES
_d-141059
_eTS1
_h17608
_i64605
_si
999 _c59471
_d59471